000 01229nam a2200253Ia 4500
003 Ost
005 20260507075237.0
008 260507s9999||||xx |||||||||||||| ||und||
040 _cfsecg
041 _aara
082 _a330
100 _aالرفاعي، خليل
_eمؤلف
245 0 _aأصول المحاسبة /
_c خليل الرفاعي
260 _aعمان:
_bدار المستقبل,
_c2010
300 _a303 صفحة؛
_bإيضاحات ؛
_c24 سم
504 _aمراجع ص.303
520 _aالمفهوم المحاسبي ، الفروض و المبادئ المحاسبية ، النظام المحاسبي ، المفاهيم المحاسبية ، نظرية القيد المزدوج ، المعالجة المحاسبية للعمليات المالية ، و لعمليات البضاعة و للأوراق التجارية ، ميزان المراجعة و الأخطاء المحاسبية ، القوائم المالية.
653 _aالمحاسبة
653 _aالمحاسبة- المالية
653 _aالنظام المحاسبي
700 _aابو عيدة، محمد
_eمؤلف ثانوي
700 _aخالد، الخطيب
_eمؤلف ثانوي
942 _cكتاب
999 _c43596
_d43596